000 00296nam a22001217a 4500
008 260317b ||||| |||| 00| 0 eng d9951050274
041 _aeng
080 _a22.1
100 _a20.1
101 _aNgjarje
245 _aPetrit Kotrri Norbert Jokl
_cDugagjini Ballkan Books
942 _2udc
_cBK
999 _c60906
_d60906